书目信息 |
| 题名: |
中药学专业知识
|
|
| 作者: | 姜开运 主编 | |
| 分册: | 二 | |
| 出版信息: | 北京 中国医药科技出版社 2016 |
|
| 页数: | 217页 | |
| 开本: | 29cm | |
| 丛书名: | 2016国家执业药师考试通关必做2000题 | |
| 单 册: | ||
| 中图分类: | R28-44 , R28 | |
| 科图分类: | ||
| 主题词: | 中药学--Zhong Yao Xue--资格考试--习题集 | |
| 电子资源: | ||
| ISBN: | 978-7-5067-8146-6 | |
| 000 | 01335nam 2200289 450 | |
| 001 | 1670016502 | |
| 005 | 20160422092034.4 | |
| 010 | @a978-7-5067-8146-6@dCNY69.00 | |
| 100 | @a20160422d2016 em y0chiy0120 ea | |
| 101 | 0 | @achi |
| 102 | @aCN@b110000 | |
| 105 | @ay q 000yy | |
| 106 | @ar | |
| 200 | 1 | @a中药学专业知识@AZhong Yao Xue Zhuan Ye Zhi Shi@h二@f主编姜开运 |
| 210 | @a北京@c中国医药科技出版社@d2016 | |
| 215 | @a217页@d29cm | |
| 225 | 2 | @a2016国家执业药师考试通关必做2000题@A2016 Guo Jia Zhi Ye Yao Shi Kao Shi Tong Guan Bi Zuo 2000 Ti |
| 300 | @a药考金题库 | |
| 330 | @a本书由从事执业药师考前培训的权威专家根据最新版执业药师资格考试大纲及考试指南的内容要求精心编写而成。本书章节标题与考试指南一致,各章试题从题型上涵盖了单项选择题、配伍选择题、综合分析选择题和多项选择题,并根据历年来执业药师考试各章节的考试分值,对各章节的题目总量和四种题型的题目量做了合理分配。书后设有两套模拟试卷,以方便考生系统复习后自查备考。本书题量丰富,题型与真题完全一致,是参加2016年国家执业药师资格考试考生的首选辅导用书。 | |
| 333 | @a参加国家执业药师考试的考生。 | |
| 410 | 0 | @12001 @a2016国家执业药师考试通关必做2000题 |
| 606 | 0 | @a中药学@AZhong Yao Xue@x资格考试@j习题集 |
| 690 | @aR28-44@v5 | |
| 690 | @aR28@v4 | |
| 701 | 0 | @a姜开运@AJiang Kai Yun@4主编 |
| 801 | 0 | @aCN@b江苏新华@c20150511 |
| 905 | @aBZT@dR28@e38-2 | |
| 中药学专业知识.二/主编姜开运.-北京:中国医药科技出版社,2016 |
| 217页;29cm.-(2016国家执业药师考试通关必做2000题) |
| 药考金题库.-使用对象:参加国家执业药师考试的考生。 |
| ISBN 978-7-5067-8146-6:CNY69.00 |
| 本书由从事执业药师考前培训的权威专家根据最新版执业药师资格考试大纲及考试指南的内容要求精心编写而成。本书章节标题与考试指南一致,各章试题从题型上涵盖了单项选择题、配伍选择题、综合分析选择题和多项选择题,并根据历年来执业药师考试各章节的考试分值,对各章节的题目总量和四种题型的题目量做了合理分配。书后设有两套模拟试卷,以方便考生系统复习后自查备考。本书题量丰富,题型与真题完全一致,是参加2016年国家执业药师资格考试考生的首选辅导用书。 |
| ● |
| 相关链接 |
|
|
|
正题名:中药学专业知识
索取号:R28/38-2
 
预约/预借
| 序号 | 登录号 | 条形码 | 馆藏地/架位号 | 状态 | 备注 |
| 1 | 799914 | 2000799914 | 第二书库/ [索取号:R28/38-2] | 在馆 | |
| 2 | 799915 | 2000799915 | 第二书库/ [索取号:R28/38-2] | 在馆 | |
| 3 | 799916 | 2000799916 | 第二书库/ [索取号:R28/38-2] | 在馆 |